漢字1文字の市区町村 - Statistics

General Stats
  • This quiz has been taken 252 times
  • The average score is 13 of 26
Answer Stats
Answer % Correct
津市
80%
蕨市
67%
呉市
67%
旭市
66%
柏市
66%
北区
65%
光市
65%
萩市
64%
堺市
62%
関市
60%
赤村
58%
森町
54%
森町
54%
燕市
50%
東村
50%
泊村
45%
坂町
45%
港区
40%
原村
38%
栄村
34%
境町
32%
栄町
32%
綾町
29%
塙町
20%
岬町
19%
錦町
19%
No matching quizzes found
Score Distribution
Percent of People with Each Score
Percentile by Number Answered
Your Score History
You have not taken this quiz